000
00341cam a2200145ua 4500
041
_a
eng
_h
082
_a
823.308
_b
BUN/PI
100
_a
Bunyan, John .
245
_a
Pilgrim progress /
_c
Bunyan.
_h
Textual Documents
260
_a
:
_b
E J Arnold & Son Ltd ,
_c
1962.
300
_a
; .
504
_a
942
_c
BK
999
_c
11791
_d
11791